000 00395nam a2200169Ia 4500
001 4205
003 IN-NITTTR
005 20251114232957.0
008 251113s9999||||xx |||||||||||||| ||eng||
040 _beng
040 _cIN-NITTTR
041 _aeng
082 _a658.99 B912C
100 _aBurgess, R. A.
245 4 _aThe construction industry handbook. /
_cBurgess, R. A.
942 _2ddc
_cBK
999 _c6809
_d6809